Les maîtres penseurs /

Tallennettuna:
Bibliografiset tiedot
Päätekijä: Glucksmann, André (autor)
Aineistotyyppi: Kirja
Kieli:ranska
Julkaistu: París, Francia : Bernard Grasset, 1977, c1977
Aiheet:
Tagit: Lisää tagi
Ei tageja, Lisää ensimmäinen tagi!

MARC

LEADER 00000nam^a2200000^a^4500
001 000186729
005 20250521000000.0
009 20260310102236.783
037 |a Acervo ITESO - Biblioteca 
041 |a FRA 
082 |a 193.  |b GLU 
100 |a Glucksmann, André  |e (autor) 
245 1 4 |a Les maîtres penseurs /  |c A. Glucksmann. 
264 4 |a París, Francia :  |b Bernard Grasset,  |c 1977, c1977 
300 |a 321 p. 
336 |a texto  |b txt  |2 rdacontenido 
337 |a sin mediación  |b n  |2 rdamedio 
338 |a volumen  |b nc  |2 rdasoporte 
649 |a XX 
650 |a Filósofos Alemanes 
650 |a Economistas Alemanes 
650 |a Politólogos Alemanes 
650 |a Idealismo -  |x Historia y Crítica 
650 |a Romanticismo (Filosofía) -  |x Historia y Crítica 
650 |a Nihilismo -  |x Historia y Crítica 
650 |a Vitalismo -  |x Historia y Crítica 
650 |a Marxismo -  |x Historia y Crítica 
650 |a Comunismo -  |x Historia y Crítica 
650 |a Filosofía del Siglo XIX -  |x Historia y Crítica 
650 |a Filosofía Alemana -  |x Historia y Crítica 
650 |a Fichte, Johann Gottlieb 
650 |a Nietzsche, Friedrich 
650 |a Marx, Karl 
600 |a Hegel, Friedrich 
910 |a Fondo Armando Suárez Gómez 
920 |a Impresos - Libros 
930 |a Fondos Especiales 
905 |a 111 
901 |a 0700005775  |b IT2  |c ESP  |u 20250521 
902 |a https://opac.biblio.iteso.mx/vufind/Record/000186729